Du climat de madère et de son influence thérapeutique dans le traitement des maladies chroniques en général et en particuler de la phthisie pulmonaire / (Record no. 160280)

MARC details
000 -LEADER
campo de control de longitud fija 00756nam a2200181 i 4500
001 - NÚMERO DE CONTROL
campo de control 160280
003 - IDENTIFICADOR DE NÚMERO DE CONTROL
campo de control ES-MaACL
005 - FECHA Y HORA DE LA ÚLTIMA TRANSACCIÓN
campo de control 20250730025326.0
008 - DATOS DE LONGITUD FIJA--INFORMACIÓN GENERAL
campo de control de longitud fija 021111s1859 fr |||| | fre d
040 ## - FUENTE DE CATALOGACIÓN
Centro catalogador/agencia de origen CCPB | B
Lengua de catalogación spa
Centro/agencia transcriptor CCPB | B
100 1# - ENTRADA PRINCIPAL--NOMBRE DE PERSONA
Nombre de persona Mourão Pitta, Cesar Augusto de.
9 (RLIN) 130252
245 10 - MENCIÓN DEL TÍTULO
Título Du climat de madère et de son influence thérapeutique dans le traitement des maladies chroniques en général et en particuler de la phthisie pulmonaire /
Mención de responsabilidad, etc. par C.A. Mourão-Pitta.
260 ## - PUBLICACIÓN, DISTRIBUCIÓN, ETC.
Lugar de publicación, distribución, etc. Montpellier :
Nombre del editor, distribuidor, etc. [s.n.],
Fecha de publicación, distribución, etc. 1859 (
Fabricante typographie de Boehm)
300 ## - DESCRIPCIÓN FÍSICA
Extensión 262 p. ;
Dimensiones 22 cm.
650 07 - PUNTO DE ACCESO ADICIONAL DE MATERIA--TÉRMINO DE MATERIA
Término de materia o nombre geográfico como elemento de entrada Tuberculosis
Fuente del encabezamiento o término embne
9 (RLIN) 17658
852 ## - LOCALIZACIÓN
Ubicación ES-MaACL
Número de control de estantería G-8483
Nota libre -- Enc. pasta española
Encuadernación -- Edic.: corregir en tít. "Madère"
Holdings
Estatus retirado Estado de pérdida Estado de daño No para préstamo Colección Biblioteca de origen Biblioteca actual Ubicación en estantería Fecha de adquisición Fuente de adquisición Total de préstamos Signatura topográfica completa Código de barras Visto por última vez Precio de reemplazo Tipo de ítem Koha
        Libros del s. XIX Biblioteca del Ateneo de Madrid Biblioteca del Ateneo de Madrid Sala Pecera Planta 3 17/01/2008     G-8483 1167825 23/02/2023 23/02/2023 Libro impreso antiguo